000 00346nam a2200133Ia 4500
008 151001s9999||||xx |||||||||||||| ||und||
100 _aना सी फडके
245 _aहसू आणि आसू
250 _a1
260 _bकुलकर्णी पंडित अनंत
260 _c1950
300 _a226
365 _b7
999 _c953254
_d953251